[Event "Peter Stuart Memorial Open 2025"]
[Site "Takapuna, Auckland, New Zealan"]
[Date "2025.06.22"]
[Round "6.3"]
[White "Yu, Zachary"]
[Black "Slater-Jones, Henry"]
[Result "1/2-1/2"]
[WhiteElo "2035"]
[BlackElo "1927"]
[WhiteFideId "-1"]
[WhiteFideId "-1"]
[PlyCount "121"]
[GameId "2191408114036736"]
[EventDate "2025.??.??"]

1. c4 e6 2. Nf3 Nf6 3. g3 Be7 4. Bg2 O-O 5. O-O d5 6. d4 b6 7. cxd5 exd5 8. Nc3 Bb7 9. Qc2 Nbd7 10. Rd1 a6 11. Bf4 Nh5 12. Bd2 Nhf6 13. Rac1 Re8 14. Bf4 Nh5 15. Be3 Nhf6 16. h3 Bd6 17. Nd2 h6 18. Nf1 Qe7 19. Qd2 b5 20. a3 Nb6 21. Bf4 Nc4 22. Bxd6 Qxd6 23. Qc2 Qb6 24. e3 Qd6 25. Nd2 Rab8 26. Nxc4 dxc4 27. e4 Qb6 28. e5 Bxg2 29. Kxg2 Qb7+ 30. Kh2 Nd7 31. Qf5 c5 32. Ne4 Re7 33. Nxc5 Nxc5 34. dxc5 Qc6 35. Rd6 Qxc5 36. Rcd1 Rbe8 37. R1d5 Qc7 38. Rxa6 Rxe5 39. Rxe5 Qxe5 40. Qxe5 Rxe5 41. Rb6 Rc5 42. Kg2 c3 43. bxc3 Rxc3 44. Rxb5 Rxa3 45. g4 g6 46. f3 Kg7 47. Rb6 Rc3 48. Kg3 g5 49. Ra6 Rc5 50. h4 Rc3 51. hxg5 hxg5 52. Kf2 Rb3 53. Ke2 Rc3 54. Rd6 Rc5 55. Ke3 f5 56. gxf5 Re5+ 57. Kf2 Rxf5 58. Kg3 Rf4 59. Ra6 Kf7 60. Rb6 Kg7 61. Ra6 1/2-1/2

[Event "Peter Stuart Memorial Open 2025"]
[Site "Takapuna, Auckland, New Zealan"]
[Date "2025.06.22"]
[Round "6.4"]
[White "Tew, Yao Zen Markis"]
[Black "McLaren, Leonard J"]
[Result "1-0"]
[WhiteElo "1936"]
[BlackElo "2042"]
[WhiteFideId "-1"]
[WhiteFideId "-1"]
[PlyCount "175"]
[GameId "2191408114036736"]
[EventDate "2025.??.??"]

1. d4 Nf6 2. c4 e6 3. Nc3 Bb4 4. Bd2 d5 5. e3 O-O 6. Nf3 Re8 7. Bd3 Nbd7 8. O-O c5 9. a3 Ba5 10. cxd5 exd5 11. Bf5 c4 12. Qc2 Nf8 13. Ne5 Bxf5 14. Qxf5 a6 15. Rfe1 Ng6 16. Ng4 Nxg4 17. Qxg4 Qd6 18. Rad1 Bc7 19. g3 Rad8 20. h4 Qc6 21. h5 Ne7 22. Bc1 b5 23. e4 dxe4 24. h6 Qg6 25. Qxe4 Ba5 26. hxg7 Bxc3 27. bxc3 Qxe4 28. Rxe4 Nd5 29. Rxe8+ Rxe8 30. Bd2 Kxg7 31. Kg2 Kg6 32. g4 f5 33. gxf5+ Kxf5 34. Kf3 Re6 35. Rh1 Nf6 36. Bf4 Kg6 37. Rg1+ Kf7 38. Be5 a5 39. Rb1 Rb6 40. Bc7 Rb7 41. Bxa5 h5 42. a4 Ke6 43. Rxb5 Rh7 44. Re5+ Kd7 45. Rc5 Ke6 46. Re5+ Kd7 47. Rc5 Ke6 48. Kg2 Rg7+ 49. Kh3 Ng4 50. Kh4 Nxf2 51. Kxh5 Nd3 52. Rc7 Nf4+ 53. Kh6 Rg6+ 54. Kh7 Rg2 55. Rxc4 Rh2+ 56. Kg7 Rg2+ 57. Kh6 Kf7 58. Rc7+ Kf6 59. Rc6+ Kf7 60. Bc7 Ne6 61. Kh5 Ng7+ 62. Kh4 Nf5+ 63. Kh3 Rc2 64. Be5 Ne3 65. a5 Nd5 66. a6 Ra2 67. c4 Ra3+ 68. Kh2 Ra2+ 69. Kg1 Ra1+ 70. Kf2 Ra2+ 71. Ke1 Nb4 72. Rc7+ Ke6 73. a7 Nd3+ 74. Kd1 Nxe5 75. dxe5 Kxe5 76. c5 Kd5 77. Kc1 Kc4 78. Kb1 Ra5 79. Kb2 Ra6 80. Kb1 Ra4 81. Kb2 Ra5 82. Rh7 Kb5 83. Kc3 Ra1 84. Kd4 Rd1+ 85. Ke5 Ra1 86. Rc7 Ra6 87. Kd5 Ra3 88. Rb7+ 1-0

[Event "Peter Stuart Memorial Open 2025"]
[Site "Takapuna, Auckland, New Zealan"]
[Date "2025.06.22"]
[Round "6.5"]
[White "Xu, Luna Yuexiu"]
[Black "Liu, William Rui"]
[Result "1/2-1/2"]
[WhiteElo "1778"]
[BlackElo "2031"]
[WhiteFideId "-1"]
[WhiteFideId "-1"]
[PlyCount "144"]
[GameId "2191408114040832"]
[EventDate "2025.??.??"]

1. e4 c5 2. Nf3 Nc6 3. d4 cxd4 4. Nxd4 e5 5. Nb5 d6 6. N1c3 a6 7. Na3 Be6 8. Nc4 Rb8 9. Ne3 Nf6 10. Be2 Be7 11. O-O O-O 12. Ng4 b5 13. Nxf6+ Bxf6 14. Be3 Bg5 15. Qd2 Bxe3 16. fxe3 Qg5 17. Rf3 Rbd8 18. Raf1 Ne7 19. Rg3 Qh6 20. Bd3 Rb8 21. a3 Rbd8 22. Qc1 Qh4 23. Qe1 Qh6 24. Qc1 Rc8 25. Qd2 Rcd8 26. Qc1 Kh8 27. Qd2 g6 28. Rf6 Qg7 29. Rf1 h5 30. Rgf3 Qh6 31. Rf6 Qg5 32. R6f2 Kg7 33. Qe1 Rc8 34. Rf3 Rcd8 35. R3f2 d5 36. exd5 Nxd5 37. Nxd5 Bxd5 38. e4 Be6 39. Qd2 Qe7 40. Qa5 Qd6 41. Qd2 Bc4 42. Rf3 Qd4+ 43. Qf2 Qxf2+ 44. Kxf2 Bxd3 45. Rxd3 Rxd3 46. cxd3 Rd8 47. Ke3 Rc8 48. Rf2 Kf8 49. d4 exd4+ 50. Kxd4 Ke7 51. e5 Rc6 52. Kd5 Rc1 53. Rd2 Rc4 54. Rf2 Rc1 55. Rd2 Rc8 56. Re2 Rc7 57. Rf2 a5 58. Re2 b4 59. axb4 axb4 60. g3 Rc1 61. Re4 Rd1+ 62. Rd4 Rxd4+ 63. Kxd4 Ke6 64. Ke4 b3 65. h4 f6 66. exf6 Kxf6 67. Kf4 g5+ 68. Ke4 gxh4 69. gxh4 Ke6 70. Kf4 Kf6 71. Ke4 Ke6 72. Kf4 Kf6 1/2-1/2

[Event "Peter Stuart Memorial Open 2025"]
[Site "Takapuna, Auckland, New Zealan"]
[Date "2025.06.22"]
[Round "6.6"]
[White "Jiang, Patrick Di"]
[Black "Preeyansh Roul"]
[Result "0-1"]
[WhiteElo "1673"]
[BlackElo "1937"]
[WhiteFideId "-1"]
[WhiteFideId "-1"]
[PlyCount "132"]
[GameId "2191408114044928"]
[EventDate "2025.??.??"]

1. d4 Nf6 2. Nf3 e6 3. g3 b6 4. Bg2 Bb7 5. O-O Be7 6. c4 O-O 7. d5 exd5 8. Nd4 Bc6 9. Nxc6 dxc6 10. Qc2 Qc8 11. Bg5 Qe6 12. cxd5 Nxd5 13. Bxe7 Nxe7 14. Rc1 Na6 15. Nc3 Nd5 16. Nxd5 cxd5 17. Qd3 Nb4 18. Qd2 c5 19. a3 Nc6 20. Qxd5 Nd4 21. Qxe6 fxe6 22. Re1 Rad8 23. Rac1 a5 24. Bh3 Rf6 25. Bg2 g5 26. e3 Nf3+ 27. Bxf3 Rxf3 28. Red1 Rff8 29. Kf1 Rd5 30. Ke2 g4 31. Rh1 b5 32. h3 gxh3 33. Rxh3 Rfd8 34. Rc2 c4 35. Rh4 Kg7 36. Rf4 a4 37. Rh4 e5 38. Rh5 Kg6 39. Rh4 R8d7 40. Rh1 Kg5 41. Rg1 Rd3 42. Rh1 Kf5 43. Rh5+ Ke6 44. Rh6+ Kd5 45. Rb6 Kc5 46. Re6 Kd5 47. Rb6 Rb3 48. Ra6 Rc7 49. Rd2+ Kc5 50. Re6 c3 51. Rxe5+ Kb6 52. bxc3 Rxa3 53. Rb2 Rc5 54. Rxc5 Kxc5 55. Kd3 Ra1 56. Kc2 Rf1 57. Kd3 a3 58. Ra2 b4 59. Ke2 b3 60. Rxa3 b2 61. Rb3 b1=Q 62. Rxb1 Rxb1 63. f4 Kd5 64. Kf3 Rf1+ 65. Ke2 Rc1 66. Kd3 Rg1 0-1

[Event "Peter Stuart Memorial Open 2025"]
[Site "Takapuna, Auckland, New Zealan"]
[Date "2025.06.22"]
[Round "6.7"]
[White "Braganza, Nadia"]
[Black "Ha, Timothy Huy Minh"]
[Result "1/2-1/2"]
[WhiteElo "1818"]
[BlackElo "1746"]
[WhiteFideId "-1"]
[WhiteFideId "-1"]
[PlyCount "77"]
[GameId "2191408114044928"]
[EventDate "2025.??.??"]

1. c4 f5 2. Nc3 Nf6 3. g3 g6 4. Bg2 Bg7 5. e3 d6 6. Nge2 c6 7. O-O O-O 8. d4 a5 9. d5 e5 10. b3 c5 11. Bb2 Bd7 12. e4 Qe7 13. Qd2 Na6 14. f3 Rf7 15. Rae1 b6 16. Nd1 Raf8 17. exf5 gxf5 18. Nf2 Qd8 19. Kh1 Qc8 20. Bc3 Re8 21. Ng1 h6 22. a3 Qc7 23. Rc1 Ra8 24. Rfe1 Qd8 25. Nd3 Bc8 26. Bxe5 dxe5 27. Nxe5 Raa7 28. Nh3 Qd6 29. Nf4 Rfe7 30. Neg6 Rxe1+ 31. Rxe1 Rf7 32. Ne6 Nc7 33. Nxc7 Rxc7 34. Qe2 Kh7 35. Nf4 Kg8 36. Ng6 Kh7 37. Nf4 Kg8 38. Ng6 Nxd5 39. Nf4 1/2-1/2

[Event "Peter Stuart Memorial Open 2025"]
[Site "Takapuna, Auckland, New Zealan"]
[Date "2025.06.22"]
[Round "6.8"]
[White "Sun, Oliver"]
[Black "Tao, Junqing Jerome"]
[Result "0-1"]
[WhiteElo "1712"]
[BlackElo "1784"]
[WhiteFideId "-1"]
[WhiteFideId "-1"]
[PlyCount "58"]
[GameId "2191408114053120"]
[EventDate "2025.??.??"]

1. d4 d5 2. c4 c6 3. Nc3 Nf6 4. Nf3 g6 5. Bg5 Bg7 6. e3 h6 7. Bh4 O-O 8. Bd3 Nbd7 9. O-O Re8 10. cxd5 Nxd5 11. Nxd5 cxd5 12. Qb3 Nf6 13. Rac1 a6 14. Ne5 g5 15. Bg3 Nh5 16. Nf3 Nxg3 17. hxg3 e6 18. Rc5 Bf8 19. Rc3 Bd6 20. Rfc1 Rb8 21. Bb1 Bd7 22. Qc2 f5 23. g4 Qf6 24. gxf5 exf5 25. Qb3 Bc6 26. Qc2 Bd7 27. Qb3 Be6 28. Qb6 Bf7 29. Rc4 Bh2+ 0-1

[Event "Peter Stuart Memorial Open 2025"]
[Site "Takapuna, Auckland, New Zealan"]
[Date "2025.06.22"]
[Round "6.9"]
[White "Pei, Yanshuo"]
[Black "Young, Cohen"]
[Result "0-1"]
[WhiteElo "1727"]
[BlackElo "2060"]
[WhiteFideId "-1"]
[WhiteFideId "-1"]
[PlyCount "62"]
[GameId "2191408114053120"]
[EventDate "2025.??.??"]

1. d4 Nf6 2. c4 e6 3. Nc3 Bb4 4. e3 O-O 5. Bd3 d5 6. a3 Be7 7. Nf3 dxc4 8. Bxc4 c5 9. O-O Nc6 10. dxc5 Bxc5 11. Qc2 Qe7 12. e4 Nd4 13. Nxd4 Bxd4 14. Nb5 Bb6 15. Bf4 e5 16. Bg5 Be6 17. Bxe6 Qxe6 18. Bxf6 Qxf6 19. Rac1 Rfd8 20. Nc3 Rd6 21. Nd5 Qg5 22. Nxb6 axb6 23. Qc7 Rad8 24. g3 h5 25. f4 exf4 26. Rxf4 R6d7 27. Qc3 Rd3 28. Qe1 h4 29. Rxh4 Re3 30. Qf2 Rxg3+ 31. Qxg3 Qxc1+ 0-1

[Event "Peter Stuart Memorial Open 2025"]
[Site "Takapuna, Auckland, New Zealan"]
[Date "2025.06.22"]
[Round "6.10"]
[White "Piwari, Dylan Tama"]
[Black "Johns, Daniel P"]
[Result "1-0"]
[WhiteElo "1966"]
[BlackElo "1673"]
[WhiteFideId "-1"]
[WhiteFideId "-1"]
[PlyCount "105"]
[GameId "2191408114053120"]
[EventDate "2025.??.??"]

1. c4 e6 2. d4 Nf6 3. Nf3 d5 4. g3 Be7 5. Bg2 c6 6. O-O O-O 7. Nc3 Nbd7 8. b3 b6 9. cxd5 cxd5 10. Bb2 Bb7 11. Rc1 Rc8 12. Re1 Bb4 13. a3 Be7 14. e3 Rc7 15. Qd3 Qb8 16. Qb1 Rfc8 17. Nb5 Rxc1 18. Rxc1 Ba6 19. Bf1 Ne4 20. a4 Ndf6 21. Qa1 Bb4 22. Bd3 Nd6 23. Ne5 Bb7 24. Ba3 Bxa3 25. Qxa3 Rxc1+ 26. Qxc1 Nxb5 27. axb5 Kf8 28. Qa1 Ke8 29. Qa3 h6 30. h4 Ba8 31. g4 Qc7 32. g5 hxg5 33. hxg5 Nd7 34. Nf3 Nf8 35. Kg2 Qe7 36. Qc1 Kd8 37. Kf1 Qc7 38. Qa3 Qe7 39. Qa6 Qb7 40. Qa1 Qc7 41. Ne5 f6 42. gxf6 gxf6 43. Ng4 f5 44. Ne5 Nd7 45. Qa3 Nxe5 46. Qf8+ Kd7 47. dxe5 Qd8 48. Qd6+ Kc8 49. Qxe6+ Qd7 50. Qg8+ Qd8 51. Bxf5+ Kc7 52. Qg7+ Kb8 53. e6 1-0

[Event "Peter Stuart Memorial Open 2025"]
[Site "Takapuna, Auckland, New Zealan"]
[Date "2025.06.22"]
[Round "6.11"]
[White "Wilson, Dion A"]
[Black "Truong, Minh Nhat (sunny)"]
[Result "1-0"]
[WhiteElo "1904"]
[BlackElo "1613"]
[WhiteFideId "-1"]
[WhiteFideId "-1"]
[PlyCount "81"]
[GameId "2191408114057216"]
[EventDate "2025.??.??"]

1. e4 c5 2. Nc3 Nc6 3. g3 Nf6 4. Bg2 d6 5. h3 g6 6. d3 Bg7 7. Nge2 O-O 8. O-O e5 9. f4 h6 10. f5 b6 11. Be3 Bb7 12. Qd2 Kh7 13. g4 g5 14. Ng3 Nd4 15. Nd5 Nxd5 16. exd5 Bf6 17. c3 Nb5 18. a4 Nc7 19. c4 a5 20. Ne4 Rg8 21. Rf2 Kg7 22. h4 Kf8 23. hxg5 hxg5 24. Bh1 Ke8 25. Raf1 Kd7 26. Rh2 Qe7 27. Rh5 Rh8 28. Nxf6+ Qxf6 29. Bxg5 Qg7 30. f6 Qg8 31. Be4 Re8 32. Rf2 Rxh5 33. gxh5 Qh8 34. h6 Na6 35. h7 Rd8 36. Bh6 Kc7 37. Bg7 Qe8 38. h8=Q Qxa4 39. Qh5 Kb8 40. Qxf7 Ka7 41. Qg6 1-0

[Event "Peter Stuart Memorial Open 2025"]
[Site "Takapuna, Auckland, New Zealan"]
[Date "2025.06.22"]
[Round "6.12"]
[White "Wright, Caleb"]
[Black "Hettiarachchi, Buthsara"]
[Result "1/2-1/2"]
[WhiteElo "1805"]
[BlackElo "1850"]
[WhiteFideId "-1"]
[WhiteFideId "-1"]
[PlyCount "70"]
[GameId "2191408114057216"]
[EventDate "2025.??.??"]

1. d4 Nf6 2. c4 e6 3. Nf3 Bb4+ 4. Bd2 Bxd2+ 5. Nbxd2 d5 6. e3 O-O 7. Be2 c6 8. O-O Re8 9. Qc2 Nbd7 10. b4 dxc4 11. Nxc4 Nb6 12. Na5 Nfd5 13. a3 a6 14. Rfd1 h6 15. Ne5 Nd7 16. Nxd7 Qxd7 17. Nc4 Qe7 18. Bf3 Bd7 19. e4 Nf6 20. e5 Nd5 21. Nd6 Reb8 22. Bxd5 exd5 23. Qd2 f6 24. f4 fxe5 25. fxe5 Rf8 26. Rf1 Bg4 27. h3 Bh5 28. g3 Qd7 29. Qg2 Bg6 30. Rxf8+ Rxf8 31. Rf1 Rxf1+ 32. Qxf1 Bf7 33. Qxf7+ Qxf7 34. Nxf7 Kxf7 35. Kf2 Ke6 1/2-1/2

[Event "Peter Stuart Memorial Open 2025"]
[Site "Takapuna, Auckland, New Zealan"]
[Date "2025.06.22"]
[Round "6.13"]
[White "Hwang, Ryan"]
[Black "Isaac, Ceferino"]
[Result "1/2-1/2"]
[WhiteElo "1685"]
[BlackElo "1769"]
[WhiteFideId "-1"]
[WhiteFideId "-1"]
[PlyCount "121"]
[GameId "2191408114061312"]
[EventDate "2025.??.??"]

1. e4 d6 2. d4 g6 3. b3 Bg7 4. Bb2 c5 5. c3 Nf6 6. dxc5 O-O 7. cxd6 Nxe4 8. dxe7 Qxe7 9. Qe2 Re8 10. f3 Nxc3 11. Nxc3 Bxc3+ 12. Bxc3 Qd8 13. Be5 Qa5+ 14. b4 Qxb4+ 15. Qd2 Rxe5+ 16. Be2 Nc6 17. Qxb4 Nxb4 18. Kf2 Bf5 19. g4 Bd3 20. Bxd3 Nxd3+ 21. Kg3 Rae8 22. Nh3 Re3 23. Rab1 b6 24. Rb3 Nc5 25. Rxe3 Re7 26. Re4 Rxe4 27. Rd1 Re3 28. Rc1 Re2 29. a3 Re3 30. Ra1 Kg7 31. Ra2 Ne6 32. Kf2 Rc3 33. Ng1 g5 34. Ne2 Rb3 35. Nc1 Rb1 36. Rc2 Ra1 37. Rc3 a5 38. Ke3 a4 39. Kd2 Rb1 40. Kc2 Rb5 41. Rc4 Rc5 42. Kc3 Kf6 43. Nd3 Rxc4+ 44. Kxc4 Nc7 45. Kb4 Ke6 46. Kxa4 Kd5 47. Kb3 Kd4 48. Kc2 f6 49. Kd2 Nb5 50. a4 Nc3 51. Nb2 h6 52. Kc2 Nd5 53. Kd2 Nb4 54. Nd1 Nd5 55. Nb2 Ne3 56. Ke2 Nd5 57. Kd2 Nb4 58. Nd1 Nc6 59. Nc3 Ne5 60. Nb5+ Kc5 61. Ke3 1/2-1/2

[Event "Peter Stuart Memorial Open 2025"]
[Site "Takapuna, Auckland, New Zealan"]
[Date "2025.06.22"]
[Round "6.14"]
[White "Kerr, Grant"]
[Black "Sussex, Taylor"]
[Result "1/2-1/2"]
[WhiteElo "1782"]
[BlackElo "1606"]
[WhiteFideId "-1"]
[WhiteFideId "-1"]
[PlyCount "51"]
[GameId "2191408114061312"]
[EventDate "2025.??.??"]

1. b3 e5 2. Bb2 Nc6 3. e3 d5 4. Bb5 Nge7 5. Nf3 e4 6. Nd4 a6 7. Nxc6 Nxc6 8. Be2 Qg5 9. g3 h5 10. h4 Qf5 11. d4 Ne7 12. c4 c6 13. Nc3 Ng8 14. Qd2 Nf6 15. Rf1 Qg6 16. O-O-O Bd6 17. cxd5 cxd5 18. Na4 Bg4 19. Kb1 Bxe2 20. Qxe2 O-O 21. Rc1 b5 22. Nc5 Rfc8 23. Rc2 Qg4 24. Rfc1 Qxe2 25. Rxe2 Kf8 26. Rec2 1/2-1/2

[Event "Peter Stuart Memorial Open 2025"]
[Site "Takapuna, Auckland, New Zealan"]
[Date "2025.06.22"]
[Round "6.15"]
[White "Aidan Prince"]
[Black "Liu, Brian"]
[Result "1-0"]
[WhiteElo "1663"]
[BlackElo "1725"]
[WhiteFideId "-1"]
[WhiteFideId "-1"]
[PlyCount "85"]
[GameId "2191408114061312"]
[EventDate "2025.??.??"]

1. d4 Nf6 2. Nf3 c5 3. c3 cxd4 4. cxd4 d5 5. Bf4 Nc6 6. e3 Bf5 7. Nc3 e6 8. a3 Bd6 9. Bg3 O-O 10. Bd3 Bg4 11. O-O Bxg3 12. hxg3 Rc8 13. Rc1 Ne7 14. Qb3 b6 15. Ne5 Bf5 16. Bxf5 Nxf5 17. g4 Nd6 18. Nb5 a6 19. Na7 Rxc1 20. Rxc1 b5 21. Nac6 Qc7 22. Qb4 Rc8 23. f3 g6 24. Rc3 Re8 25. Na5 Nc4 26. Nac6 Qb6 27. Nxc4 dxc4 28. Qd6 Kg7 29. g5 Nd5 30. Qd7 Rf8 31. Rc1 Nxe3 32. Re1 Nd5 33. Rxe6 Nf4 34. Re7 Nd3 35. Qd6 h5 36. Qf6+ Kh7 37. Rxf7+ Rxf7 38. Qxf7+ Kh8 39. Qf8+ Kh7 40. Qh6+ Kg8 41. Qxg6+ Kf8 42. Qf6+ Ke8 43. Qe7# 1-0

[Event "Peter Stuart Memorial Open 2025"]
[Site "Takapuna, Auckland, New Zealan"]
[Date "2025.06.22"]
[Round "6.16"]
[White "Wang, Leon"]
[Black "Fang, Maximilian"]
[Result "1-0"]
[WhiteElo "1594"]
[BlackElo "1699"]
[WhiteFideId "-1"]
[WhiteFideId "-1"]
[PlyCount "55"]
[GameId "2191408114065408"]
[EventDate "2025.??.??"]

1. e4 c5 2. Nf3 d6 3. d4 cxd4 4. Nxd4 Nf6 5. Nc3 e6 6. Be3 Be7 7. Be2 O-O 8. O-O Nc6 9. Qd2 a6 10. Rad1 Qc7 11. f4 Rd8 12. g4 Nxd4 13. Bxd4 e5 14. Be3 exf4 15. Rxf4 Be6 16. Rdf1 d5 17. exd5 Nxd5 18. Nxd5 Rxd5 19. Qc1 Rc8 20. Bc4 Rd6 21. Bxe6 Rxe6 22. Rxf7 Rxe3 23. Qd1 Qxc2 24. Qd5 Kh8 25. Qd4 Rg3+ 26. hxg3 Bc5 27. Kh1 Qg6 28. Qxc5 1-0

[Event "Peter Stuart Memorial Open 2025"]
[Site "Takapuna, Auckland, New Zealan"]
[Date "2025.06.22"]
[Round "6.17"]
[White "Fabay, Jenre Angelo"]
[Black "Nimmakayala, Srirama Vikhyath"]
[Result "0-1"]
[WhiteElo "1697"]
[BlackElo "1675"]
[WhiteFideId "-1"]
[WhiteFideId "-1"]
[PlyCount "108"]
[GameId "2191408114065408"]
[EventDate "2025.??.??"]

1. e4 c6 2. d4 d5 3. exd5 cxd5 4. Bd3 Nc6 5. c3 Nf6 6. Nf3 Bg4 7. h3 Bh5 8. Bf4 e6 9. Nbd2 Bd6 10. Bxd6 Qxd6 11. O-O O-O 12. Re1 a6 13. Qc2 Rac8 14. a3 b5 15. Qb3 Rb8 16. Ne5 Nd7 17. Nxc6 Qxc6 18. Qc2 Nf6 19. Nb3 Bg6 20. Nc5 Nd7 21. b4 Rfe8 22. Bxg6 hxg6 23. Re3 Ra8 24. a4 Nb6 25. a5 Nc4 26. Re2 Qc7 27. Rae1 Kh7 28. Qc1 Kg8 29. Qg5 Kh7 30. f4 Qd8 31. Qg4 Qf6 32. h4 Kg8 33. g3 Re7 34. Rh2 Qf5 35. Qf3 Qh5 36. g4 Qh6 37. Ree2 Ree8 38. Kg2 Kf8 39. Kg3 Nd6 40. Kg2 Kg8 41. Qe3 Nc4 42. Qc1 Nd6 43. h5 Kf8 44. Nd7+ Ke7 45. g5 Qh7 46. hxg6 Qxg6 47. Ne5 Qf5 48. Kf3 Rac8 49. Rhg2 Ne4 50. Qh1 Rxc3+ 51. Re3 Ng3 52. Qe1 Qe4+ 53. Kf2 Rc2+ 54. Kxg3 Qxg2+ 0-1

[Event "Peter Stuart Memorial Open 2025"]
[Site "Takapuna, Auckland, New Zealan"]
[Date "2025.06.22"]
[Round "6.18"]
[White "Ng, Lok Jim (Lauren)"]
[Black "Barry, Jacob"]
[Result "0-1"]
[WhiteElo "1692"]
[BlackElo "1606"]
[WhiteFideId "-1"]
[WhiteFideId "-1"]
[PlyCount "62"]
[GameId "2191408114065408"]
[EventDate "2025.??.??"]

1. d4 Nf6 2. c4 e6 3. g3 Bb4+ 4. Bd2 Bxd2+ 5. Nxd2 O-O 6. Bg2 d5 7. Ngf3 b6 8. cxd5 exd5 9. O-O Re8 10. e3 Nbd7 11. Qc2 c5 12. Rfd1 cxd4 13. Nxd4 Bb7 14. N2b3 Rc8 15. Qe2 Qe7 16. Rac1 g6 17. Nb5 Rxc1 18. Rxc1 Ba6 19. N3d4 Nc5 20. Qd1 Bxb5 21. Nxb5 Nfe4 22. Qxd5 Nxf2 23. Qd4 Nfd3 24. Rxc5 Nxc5 25. Kf2 a6 26. Nd6 Rd8 27. Nf5 gxf5 28. Qc4 Rd2+ 29. Kg1 Qxe3+ 30. Kh1 Rd1+ 31. Bf1 Qf2 0-1

[Event "Peter Stuart Memorial Open 2025"]
[Site "Takapuna, Auckland, New Zealan"]
[Date "2025.06.22"]
[Round "6.19"]
[White "Nazeer, Afique M"]
[Black "Zhou, Martin"]
[Result "0-1"]
[WhiteElo "1610"]
[BlackElo "1654"]
[WhiteFideId "-1"]
[WhiteFideId "-1"]
[PlyCount "102"]
[GameId "2191408114069504"]
[EventDate "2025.??.??"]

1. d4 Nf6 2. c4 g6 3. Nc3 Bg7 4. e4 d6 5. h3 O-O 6. Nf3 c5 7. dxc5 Qa5 8. Bd2 Qxc5 9. Be2 Nbd7 10. b4 Qxb4 11. Nd5 Nxd5 12. Bxb4 Nxb4 13. a3 Bxa1 14. axb4 Bc3+ 15. Kf1 Bxb4 16. g4 Nc5 17. e5 dxe5 18. Nxe5 Be6 19. Qb1 a5 20. Nd3 Ne4 21. Qc2 Nc5 22. f3 Nxd3 23. Bxd3 Rac8 24. h4 b5 25. h5 bxc4 26. Be2 Rcd8 27. hxg6 fxg6 28. Qe4 Bd5 29. Bxc4 Bxc4+ 30. Qxc4+ Kg7 31. Ke2 e5 32. g5 Rd7 33. Rh6 Rf4 34. Qe6 Re7 35. Qh3 Kg8 36. Qc8+ Rf8 37. Qc4+ Ref7 38. Qe6 a4 39. Qc4 Be7 40. Qxa4 Bxg5 41. Rh3 e4 42. fxe4 Rf2+ 43. Kd3 Rd8+ 44. Kc4 Rc8+ 45. Kd5 Rd2+ 46. Ke6 Rc7 47. Qe8+ Kg7 48. Rc3 Rxc3 49. e5 Rf2 50. Qd7+ Kh6 51. Qd1 Rc6+ 0-1

[Event "Peter Stuart Memorial Open 2025"]
[Site "Takapuna, Auckland, New Zealan"]
[Date "2025.06.22"]
[Round "6.20"]
[White "Wang, Cyrus"]
[Black "Powlesland, Brogan"]
[Result "0-1"]
[WhiteElo "1636"]
[BlackElo "1652"]
[WhiteFideId "-1"]
[WhiteFideId "-1"]
[PlyCount "52"]
[GameId "2191408114069504"]
[EventDate "2025.??.??"]

1. e4 c5 2. Nf3 e6 3. d4 cxd4 4. Nxd4 a6 5. Nc3 Qc7 6. Bd3 Nf6 7. O-O b5 8. a3 Bb7 9. Re1 Nc6 10. Nxc6 Bxc6 11. Bg5 Bd6 12. h3 Be5 13. Qd2 h6 14. Bxf6 gxf6 15. Be2 Rg8 16. Bg4 O-O-O 17. Qxh6 f5 18. Bf3 Rg6 19. Qd2 Rdg8 20. Qd3 fxe4 21. Bxe4 Rxg2+ 22. Bxg2 Bxg2 23. f3 Bxh3+ 24. Kf2 Rg2+ 25. Ke3 Qc5+ 26. Ke4 f5# 0-1